Police in democratic societies (Record no. 395558)

000 -LEADER
fixed length control field 00472cam a22001697a 4500
008 - FIXED-LENGTH DATA ELEMENTS--GENERAL INFORMATION
fixed length control field 180718b2000 xxu||||| |||| 00| 0 eng d
020 ## - INTERNATIONAL STANDARD BOOK NUMBER
International Standard Book Number 8121206553
082 ## - DEWEY DECIMAL CLASSIFICATION NUMBER
Classification number N4 Se55
100 ## - MAIN ENTRY--PERSONAL NAME
Personal name Sen, Sankar
245 ## - TITLE STATEMENT
Title Police in democratic societies
Statement of responsibility, etc. by Sankar Sen
260 ## - PUBLICATION, DISTRIBUTION, ETC.
Place of publication, distribution, etc. Delhi
Name of publisher, distributor, etc. Gyan Publishing House
Date of publication, distribution, etc. 2000
300 ## - PHYSICAL DESCRIPTION
Extent 249p.
650 ## - SUBJECT ADDED ENTRY--TOPICAL TERM
Topical term or geographic name entry element Police regulations
650 ## - SUBJECT ADDED ENTRY--TOPICAL TERM
Topical term or geographic name entry element Police training
650 ## - SUBJECT ADDED ENTRY--TOPICAL TERM
Topical term or geographic name entry element Police - Complaints against
650 ## - SUBJECT ADDED ENTRY--TOPICAL TERM
Topical term or geographic name entry element Police administration
Holdings
Withdrawn status Lost status Damaged status Not for loan Permanent Location Current Location Date acquired Full call number Barcode Date last seen Price effective from Koha item type
        Indian Institute of Public Administration Indian Institute of Public Administration 2001-02-01 N4 Se55 76293 2018-07-21 2018-07-21 Book

Powered by Koha